Top 10 Countries With the Most Administrative Divisions - Statistics

General Stats
  • This quiz has been taken 103 times
  • The average score is 4 of 10
Answer Stats
Administrative Divisions Answer % Correct
85 Russia
94%
65 United States of America
68%
81 Turkey
54%
77 Thailand
49%
212 Slovenia
34%
119 Latvia
25%
135 Uganda
21%
80 Macedonia
20%
78 Azerbaijan
8%
74 Iceland
5%
No matching quizzes found
Score Distribution
Percent of People with Each Score
Percentile by Number Answered
Your Score History
You have not taken this quiz